| 000 | 00853nam a2200229Ia 4500 | ||
|---|---|---|---|
| 001 | 21746 | ||
| 005 | 20260407122427.0 | ||
| 008 | 260320s9999||||xx |||||||||||||| ||und|| | ||
| 020 | _a9786124881565 | ||
| 041 | _aESP | ||
| 082 |
_a344.522 _bO41 |
||
| 100 |
_aOlarte Sotomayor, Midwar, _eAUT |
||
| 245 | 0 | _aTrastorno límite de la personalidad y su vinculación con los delitos contra la libertad sexual y otros | |
| 250 | _aPrimera edición | ||
| 260 |
_aLima : _bCEMAR, _c2024 |
||
| 300 |
_a215 páginas : _c21 cm. |
||
| 650 | _aCIS | ||
| 653 | _aDerecho penal; Delitos sexuales; Delitos contra la libertad sexual; Transtorno límite de personalidad; Jurisprudencia penal | ||
| 654 | _aCDE | ||
| 856 |
_uhttps://palestra-tirantonline-com.ucsp.lookproxy.com/base/per _zVéase además: Base de datos Tirant Palestra |
||
| 942 |
_cLIB _dJUS _fMAT _2ddc |
||
| 999 |
_c21746 _d21746 |
||